LIBRARY & INFORMATION CENTRE, KCAET, TAVANUR

ONLINE PUBLIC ACCESS CATALOGUE (OPAC)

Pre degree chemistry / (Record no. 10797)

MARC details
000 -LEADER
fixed length control field 00457cam a2200181ua 4500
041 ## - LANGUAGE CODE
Language code of text/sound track or separate title eng
082 ## - DEWEY DECIMAL CLASSIFICATION NUMBER
Classification number 540
Item number BHA/PR
100 ## - MAIN ENTRY--AUTHOR NAME
Personal name Bhaskara Panikkar, P .
245 ## - TITLE STATEMENT
Title Pre degree chemistry /
260 ## - PUBLICATION, DISTRIBUTION, ETC. (IMPRINT)
Place of publication Madras :
Name of publisher Central Art press ,
Year of publication 1964.
300 ## - PHYSICAL DESCRIPTION
Number of Pages 478 ; .
700 1# - ADDED ENTRY--PERSONAL NAME
Personal name Lakshmi Narasimhan, S .
942 ## - ADDED ENTRY ELEMENTS (KOHA)
Koha item type Books
Holdings
Withdrawn status Lost status Damaged status Home library Current library Date acquired Cost, normal purchase price Full call number Accession Number Koha item type
Withdrawn     KAUAET KAUAET 07/04/2012 5.00 540 7351 Books
free website counter